00000000cas 2200000zi 4500
0019.946326
003CaOODSP
00520251210093902
006m     o  d f      
007cr cn ||||||||
008241219c20189999oncar p o    f0###a0eng d
022 |a2818-9604
040 |aCaOODSP|beng|erda|cCaOODSP
043 |an-cn---
0861 |aCC171-44E-PDF
1102 |aCanadian Nuclear Safety Commission.|eauthor, |eissuing body.
222 0|aRegulatory oversight report for Canadian Nuclear Laboratories sites
24510|aRegulatory oversight report for Canadian Nuclear Laboratories sites = |brapport de surveillance réglementaire des sites des Laboratoires nucléaires canadiens.
24631|aRapport de surveillance réglementaire des sites des Laboratoires nucléaires canadiens
264 1|aOttawa, ON : |bCanadian Nuclear Safety Commission = Commission canadienne de sûreté nucléaire, |c[2019]-
310 |aAnnual
336 |atext|btxt|2rdacontent
337 |acomputer|bc|2rdamedia
338 |aonline resource|bcr|2rdacarrier
3621 |aBegan with: 2018.
500 |aIssued also in French under title: Rapport de surveillance réglementaire pour les Laboratoires Nucléaires Canadiens.
500 |aAt head of title: Regulatory oversight report, Canadian Nuclear Laboratories.
588 |aDescription based on: 2022; title from PDF cover page.
588 |aLatest issue consulted: 2022.
61020|aCanadian Nuclear Safety Commission|vPeriodicals.
61020|aCanadian Nuclear Laboratories |vPeriodicals.
650 0|aNuclear energy|xResearch|xGovernment policy|zCanada|vPeriodicals.
655 7|aPeriodicals|2lcgft
77508|tRapport de surveillance réglementaire pour les Laboratoires nucléaires canadiens = |w(CaOODSP)9.946328